| 000 | 01072cam a22002533a 4500 | ||
|---|---|---|---|
| 001 | 7952 | ||
| 003 | PGUSA | ||
| 005 | 20140828083150.0 | ||
| 008 | 050401s2005||||xxu|||||s|||||000 p eng d | ||
| 040 |
_aPGUSA _beng |
||
| 042 | _adc | ||
| 050 | 4 | _aBJ | |
| 100 | 1 |
_aLubbock, John, _cSir, _d1834-1913 |
|
| 245 | 1 | 4 |
_aThe Pleasures of Life _h[electronic resource] / _cJohn, Lubbock |
| 260 |
_bProject Gutenberg, _c2005 |
||
| 505 | 0 | _aThe duty of happiness -- The happiness of duty -- A song of books -- The choice of books -- The blessing of friends -- The value of time -- The pleasures of travel -- The pleasures of home -- Science -- Education -- Ambition -- Wealth -- Health -- Love -- Art -- Poetry -- Music -- The beauties of nature -- The troubles of life -- Labour and rest -- Religion -- The hope of progress -- The destiny of man. | |
| 506 | _aPublic domain in the USA. | ||
| 516 | _aElectronic text | ||
| 653 | _aConduct of life | ||
| 653 | _aPleasure | ||
| 830 | 0 |
_aProject Gutenberg _v7952 |
|
| 856 | 4 | 0 | _uhttp://www.gutenberg.org/ebooks/7952 |
| 942 | _cEB | ||
| 999 |
_c237252 _d237252 |
||